000 00955nas a2200241 454500
001 54116
005 20260407193512.0
008 260407s1968####ag###########|||spa#d
003 AR-UNSa-BCEJYS
040 _aAR-UNSa-BCEJYS
_bspa
_cAR-UNSa-BCEJYS
080 _a347.7
_xDerecho Mercantil. Derecho Comercial
245 1 0 _aRevista del derecho comercial y de las obligaciones
264 1 _aBuenos Aires :
_bDepalma
_c1968
310 _aFrecuencia: Anual Revista del Derecho Comercial y de las Obligaciones encudernada en tomos Cambia de Director a partir del Tomo VIII por Carlos Juan Zavala Rodríguez Cambia de Director a partir del Tomo XIII por Héctor Cámara Cambia de Director a partir del Tomo XLV por Raúl A. Etcheverry
041 _aspa
942 _cSER
590 _aniveau_biblio:s niveau_hierar:1
100 1 _aHalperin, Isaac
650 _aDERECHO COMERCIAL
650 _aOBLIGACIONES
650 _aJURISPRUDENCIA
650 _aDOCTRINA
999 _c8970
_d8970